| 000 | 01810nam2a2200253 4500 | ||
|---|---|---|---|
| 001 | rc\2870048 | ||
| 005 | 20260315070907.0 | ||
| 035 | _a(NLR Aleph) 007204286 | ||
| 090 |
_a13628651 _c13628651 |
||
| 100 | _a20110713d1932 u y0rusy50 ca | ||
| 101 | 0 | _arus | |
| 102 | _aRU | ||
| 105 | _ay z ||||| | ||
| 200 | 1 | _aРасчет и конструкция уравнительных башен | |
| 210 | _d1932 | ||
| 225 | 1 |
_aОтдел изысканий _fВСНХ-СССР. Глав энергет. упр. (Энергоцентр). Гос. энергостроительный трест "Энергострой". Ленингр. отд-ние _aСерия 4. Материалы по проектированию гидроэлектроустановок |
|
| 461 | 0 |
_1001rc\2870040 _12001#$aМатериалы по гидрологии, гидрографии и водным силам СССР ...$eВып. I-36$fПод ред. зав. Ленингр. гидротехн. бюро инж. С.В. Григорьева$gВСНХ-СССР. Глав. электротехн. упр. (Главэлектро). Ленингр. гидротехн. бюро Гос. энергостроительного треста$vВып. 9 _97648410 _a"Энергострой", трест (Москва). Ленинградское отделение _cЛенинград _d1928-1938 _fПод ред. зав. Ленингр. гидротехн. бюро инж. С.В. Григорьева _nБ. и. _oВып. I-36 _tМатериалы по гидрологии, гидрографии и водным силам СССР ... _vВып. 9 |
|
| 700 | 1 |
_aЛоттер _bГ.К. |
|
| 801 | 0 |
_aRU _bNLR _gpsbo |
|
| 801 | 1 |
_aRU _bELAR _2rusmarc |
|
| 852 |
_aNLR _j30-19/15 |
||
| 852 |
_aNLR _jГн10 В-7/15(15) |
||
| 942 | _cUNSPEC | ||
| 980 | _aNB | ||